Gaming Quiz

Random Gaming Quiz

GTA 5 Characters Quiz Stats

Quiz not verified by Sporcle

Challenge
Share
Tweet
Embed
Score 0/13 Timer 13:00
0 Plays Today
Hint Answer % Correct
PhillipsTrevor
94.4%
ClintonFranklin
93.9%
De SantaJimmy
85.1%
De SantaAmanda
78.9%
MadrezoMartin
78.3%
De SantaMicheal
75.1%
De SantaTracy
71.4%
NortonDave
66.3%
DavisLamar
60.8%
HaynesSteve
57.9%
WesternDevin
45.8%
MadrezoPatricia
45.1%
MarksTanisha
10.3%

You're not logged in!

Compare scores with friends on all Sporcle quizzes.
Sign Up with Email
OR
Log In

You Might Also Like...

Show Comments

Extras

Top Quizzes Today


Score Distribution

Your Account Isn't Verified!

In order to create a playlist on Sporcle, you need to verify the email address you used during registration. Go to your Sporcle Settings to finish the process.